000 00612 a2200205 4500
001 64035
005 20260521160829.0
008 260521a1971 arg spa d
003 AR-UNSa-BCEJYS
040 _aAR-UNSa-BCEJYS
_bspa
_cAR-UNSa-BCEJYS
080 _a658
_xAdministración de empresas. Organización comercial
245 1 0 _aCómo organizar y dirigir una empresa
264 1 _aMadrid :
_bIberico Europea de Ediciones
_c1971
300 _a128 p.
_c21 cm.
041 _aspa
942 _cBK
590 _aniveau_biblio:m niveau_hierar:0
100 1 _aCastro, Manuel de
700 1 _aPoblete Ruiz, Manuel
999 _c36512
_d36512